000
00310nam a2200121Ia 4500
005
20250409181315.0
008
250409s9999||||xx |||||||||||||| ||und||
100
_a
SHARMA, R
245
0
_a
NARAIN'S EXPORT MANAGEMENT
260
_b
LAXMI NARAIN AGRWAL PUBLICATION,
_a
AGRA:
650
_v
Management
942
_c
BOOK
999
_c
15954
_d
15954